[Event "GER-ch U25-C"]
[Site "Willingen"]
[Date "2023.05.28"]
[Round "1"]
[White "Haas, Valentina"]
[Black "Buecker, Phil"]
[Result "0-1"]
[WhiteElo "797"]
[BlackElo "1325"]
[PlyCount "108"]
[EventDate "2023.05.27"]
[EventType "swiss"]
[EventRounds "9"]
[EventCountry "GER"]
[SourceTitle "CBM 214 Extra"]
[Source "ChessBase"]
[SourceDate "2023.07.31"]
[SourceVersion "1"]
[SourceVersionDate "2023.07.31"]
[SourceQuality "1"]

1. e4 c5 2. Bc4 e6 3. Nc3 Nc6 4. Nf3 a6 5. e5 b5 6. Bd3 Qc7 7. 0-0 Nxe5 8. Nxe5 Qxe5 9. Re1 Qf4 10. Be4 Rb8 11. d4 Qf6 12. Re3 Qxd4 13. Bd2 Nf6 14. Bf3 Bb7 15. Ne2 Qxb2 16. Bxb7 Rxb7 17. Rb3 Qe5 18. c4 Ng4 19. Bf4 Qf5 20. h3 Ne5 21. Bxe5 Qxe5 22. Re3 Qh5 23. Rb1 Be7 24. a4 b4 25. Qc2 Qg6 26. Qc1 Bg5 27. Rg3 Bxc1 28. Rxg6 hxg6 29. Rxc1 Rh4 30. Ng3 Ke7 31. Kf1 Rb6 32. a5 Rd6 33. Re1 Rxc4 34. Ne4 Rd5 35. Ng3 Rc2 36. Kg1 c4 37. Nf1 Rxa5 38. Ne3 Rc3 39. Kf1 b3 40. Ke2 Ra2+ 41. Kf3 b2 42. Ke4 Ra1 43. Rxa1 bxa1Q 44. Kd4 Rxe3+ 45. Kxe3 Qe5+ 46. Kf3 Kf6 47. g4 Kg5 48. h4+ Kxh4 49. g5 Kxg5 50. Kg2 Qf4 51. Kg1 Kh4 52. Kf1 Qd2 53. Kg1 Kh3 54. Kf1 Qd1# 0-1